|
|
|
|
| LEADER |
00000nam2a2200000 4500 |
| 001 |
59117 |
| 005 |
20231031055921.0 |
| 010 |
|
|
|a 5746411892
|
| 035 |
|
|
|a (RuTPU)RU\TPU\book\62487
|
| 090 |
|
|
|a 59117
|
| 100 |
|
|
|a 20031219d1995 km y0rusy50 ca
|
| 101 |
0 |
|
|a rus
|
| 102 |
|
|
|a RU
|
| 105 |
|
|
|a y z 001zy
|
| 200 |
0 |
|
|a Кн. 2. Организация данных
|
| 210 |
|
|
|d 1995
|
| 215 |
|
|
|a 208 с.
|
| 320 |
|
|
|a Библиогр.: с. 201
|
| 461 |
|
1 |
|0 (RuTPU)RU\TPU\book\63068
|t Система программирования Турбо Паскаль
|o В 2 книгах
|f В. М. Гостев
|v Кн. 2. Организация данных
|d 1995-
|
| 610 |
1 |
|
|a системы программирования
|
| 610 |
1 |
|
|a языки программирования
|
| 610 |
1 |
|
|a Турбо Паскаль
|
| 610 |
1 |
|
|a данные
|
| 610 |
1 |
|
|a скалярные типы
|
| 675 |
|
|
|a 681.3.066
|v 3
|
| 801 |
|
1 |
|a RU
|b 63413507
|c 20031219
|g PSBO
|
| 801 |
|
2 |
|a RU
|b 63413507
|c 20040121
|g PSBO
|
| 942 |
|
|
|c BK
|